00694nam a2200193 i 450000100060000000300090000600500170001500700030003200800410003510000350007624500950011126000620020630000210026849000160028983000240030585200320032999900170036195201220037827218ES-MaACL20230906153559.0t|030113s1978 sp ||||1| spa d1 aArroyo Morillo, José.92337710aToda la obra poética del pontanés Manuel Pérez Carrascosa / cJosé Arroyo Morillo. aPuente Genil : b[s.n., c1978] (fGráf. Consolación) a94 p. ; c23 cm.1 aAnzur ; v70 aAnzur ; v79229203 aES-MaACLjA-10757 bR.99975 c27218d27218 00104070aATENEOMbATENEOMcDEPO1d2008-01-17eSCl0oA-10757p1028093r2023-02-23 00:00:00w2023-02-23yMONOGRAFIA